Speech and Language Processing: An Introduction to Natural Language Processing, Computational Linguistics and Speech Recognition 2/e

Saved in:
Bibliographic Details
Main Author: Jurafsky
Format: Book
Published: Pearson
Tags: Add Tag
No Tags, Be the first to tag this record!

MARC

LEADER 00000nam a2200000Ia 4500
005 20260513122054.0
020 |a 9789332518414 
100 |a Jurafsky 
365 |c Rs. 
365 |b 20.00 
942 |c BK 
245 |a Speech and Language Processing: An Introduction to Natural Language Processing, Computational Linguistics and Speech Recognition 2/e 
260 |b Pearson 
999 |c 105  |d 105 
952 |0 0  |1 0  |4 0  |7 0  |a UNSW  |b UNSW  |d 2026-04-29  |g 1430.00  |i 16670  |l 0  |p 000030  |r 2026-05-13 12:20:54  |v 1430.00  |w 2026-05-13  |y BK